| 000 | 13855cam a2202605 a 4500 | ||
|---|---|---|---|
| 999 | _c57123 | ||
| 001 | 12058698 | ||
| 003 | LIBRIS | ||
| 005 | 20210329141030.0 | ||
| 008 | 101214s2011 sw a||||||||||000 0|swe|c | ||
| 020 | _a9789147094462 | ||
| 040 |
_aLGEN _dLnuK _dS _ea |
||
| 041 | _aswe | ||
| 050 | 4 | _aQ 175 | |
| 050 | 4 | _aQ 180.55.M4 | |
| 082 | 0 | 4 |
_a001.42 _222/swe |
| 082 | 4 |
_a300.723 _222 |
|
| 084 |
_aDd _2kssb/8 |
||
| 084 |
_aO:dd _2kssb/8 |
||
| 084 | _aO:dd | ||
| 245 | 1 | 0 |
_aHandbok i kvalitativa metoder / _cAhrne ... ; Göran Ahrne & Peter Svensson (red.). |
| 250 | _a1. uppl. | ||
| 264 | 1 |
_aMalmö : _bLiber, _c2011 |
|
| 264 | 3 | _aEgypten | |
| 300 |
_a245 s. _bill. _c23 cm |
||
| 500 | _a3 tr., 2013 | ||
| 500 |
_5Ufa _aEj fjärrlån |
||
| 650 | 7 |
_aKvalitativ metod _0https://id.kb.se/term/sao/Kvalitativ%20metod _2sao |
|
| 650 | 7 |
_aSamhällsvetenskaplig forskning _xmetodik _0https://id.kb.se/term/sao/Samh%C3%A4llsvetenskaplig%20forskning--metodik _2sao |
|
| 650 | 2 | _aQualitative research | |
| 650 | 2 | _aMethods | |
| 650 | 7 |
_aqualitative analysis _2agrovoc |
|
| 650 | 7 |
_aresearch methods _2agrovoc |
|
| 650 | 7 |
_aevaluation _2agrovoc |
|
| 650 | 0 | _aQualitative research | |
| 650 | 7 |
_aForskningsmetodik _0https://id.kb.se/term/sao/Forskningsmetodik _2sao |
|
| 653 | _aKvalitativ metod | ||
| 653 | _aForskningsmetodik | ||
| 653 | _aLivshistorier | ||
| 700 | 1 |
_aAhrne, Göran, _d1944- _4aut _4edt _0https://libris.kb.se/dbqstn5x3jhwt9c#it |
|
| 700 | 1 |
_aSvensson, Peter, _d1972- _4edt _0https://libris.kb.se/wt7bjv9f51rlzt8#it |
|
| 887 |
_a{"@id":"8slm464l4vdb908","modified":"2016-05-25T18:04:30+02:00","checksum":"90760562305"} _2librisxl |
||
| 887 |
_a{"@id":"jnw3ttkp50sm4jg","modified":"2017-03-20T10:22:56+01:00","checksum":"83645953630"} _2librisxl |
||
| 887 |
_a{"@id":"7ck7cwld5c52c5w","modified":"2014-08-25T11:25:19+02:00","checksum":"82781769447"} _2librisxl |
||
| 887 |
_a{"@id":"04bxk9255qzbrj7","modified":"2014-02-24T17:23:16+01:00","checksum":"59112179437"} _2librisxl |
||
| 887 |
_a{"@id":"37fmz22833b48j8","modified":"2017-08-17T10:46:31+02:00","checksum":"76830679008"} _2librisxl |
||
| 887 |
_a{"@id":"mrz6mgbs1h77vnb","modified":"2011-05-06T15:02:29+02:00","checksum":"75690225215"} _2librisxl |
||
| 887 |
_a{"@id":"chpxndfj5b8rsvv","modified":"2017-09-18T15:29:30+02:00","checksum":"79103512364"} _2librisxl |
||
| 887 |
_a{"@id":"x28k631305chw8d","modified":"2015-06-26T10:40:07+02:00","checksum":"113235697553"} _2librisxl |
||
| 887 |
_a{"@id":"lqx6l9lr4wx22rs","modified":"2016-01-13T12:56:10+01:00","checksum":"91281652098"} _2librisxl |
||
| 887 |
_a{"@id":"mrz6972s4w82fwg","modified":"2017-06-16T10:58:41+02:00","checksum":"83254270091"} _2librisxl |
||
| 887 |
_a{"@id":"ns069k4t2bxh3j2","modified":"2018-05-09T10:36:07+02:00","checksum":"93678583340"} _2librisxl |
||
| 887 |
_a{"@id":"15ckwz365nx1q5p","modified":"2011-06-27T13:20:44+02:00","checksum":"82609876817"} _2librisxl |
||
| 887 |
_a{"@id":"7cktmzwd1pnvpzc","modified":"2013-08-05T10:53:40+02:00","checksum":"53877354722"} _2librisxl |
||
| 887 |
_a{"@id":"pt18wspv0x0h15f","modified":"2018-05-31T10:53:48+02:00","checksum":"118112629489"} _2librisxl |
||
| 887 |
_a{"@id":"pt18j10v3xggmgk","modified":"2015-12-01T17:50:45+01:00","checksum":"83033787182"} _2librisxl |
||
| 887 |
_a{"@id":"37fmqps84j2wtg2","modified":"2014-06-26T13:11:44+02:00","checksum":"81487039275"} _2librisxl |
||
| 887 |
_a{"@id":"hmt84f0n3b2mhk3","modified":"2014-06-23T12:53:30+02:00","checksum":"96480991218"} _2librisxl |
||
| 887 |
_a{"@id":"w17k1px20l55knn","modified":"2018-01-09T13:21:51+01:00","checksum":"98672301655"} _2librisxl |
||
| 887 |
_a{"@id":"kpw8zsrq2lw13b5","modified":"2015-11-09T13:52:16+01:00","checksum":"105840652907"} _2librisxl |
||
| 887 |
_a{"@id":"7cksw4fd0jj2mlh","modified":"2011-04-21T10:22:27+02:00","checksum":"86312169747"} _2librisxl |
||
| 887 |
_a{"@id":"lqx47x8r5r4kw3w","modified":"2016-04-15T15:50:49+02:00","checksum":"111292559985"} _2librisxl |
||
| 887 |
_a{"@id":"48gxf0v90k6z8qd","modified":"2016-05-26T12:58:35+02:00","checksum":"60688064198"} _2librisxl |
||
| 887 |
_a{"@id":"djqglmxk10jl1lr","modified":"2015-05-26T16:04:09+02:00","checksum":"101524642209"} _2librisxl |
||
| 887 |
_a{"@id":"ns06945t5c479dt","modified":"2019-05-27T11:15:36.85+02:00","checksum":"85040162871"} _2librisxl |
||
| 887 |
_a{"@id":"hmtj0ljn0lhpr5t","modified":"2014-08-25T13:06:31+02:00","checksum":"92007863129"} _2librisxl |
||
| 887 |
_a{"@id":"6bkcwt8c52qpkkn","modified":"2015-06-22T10:47:43+02:00","checksum":"76604921615"} _2librisxl |
||
| 887 |
_a{"@id":"pt17b4sv0f48tg7","modified":"2019-07-09T10:29:21.552+02:00","checksum":"82802070130"} _2librisxl |
||
| 887 |
_a{"@id":"qv28dfdw50l1d37","modified":"2014-02-25T10:27:34+01:00","checksum":"87904349287"} _2librisxl |
||
| 887 |
_a{"@id":"9fmtxpdg4j7xsj9","modified":"2018-01-08T09:15:05+01:00","checksum":"56659127000"} _2librisxl |
||
| 887 |
_a{"@id":"rw39dgkx2qx0848","modified":"2018-01-04T17:34:03+01:00","checksum":"94794276069"} _2librisxl |
||
| 887 |
_a{"@id":"ns07lhrt19lntl0","modified":"2016-12-15T15:30:43+01:00","checksum":"96240205583"} _2librisxl |
||
| 887 |
_a{"@id":"6bjtgw8c0dwprpw","modified":"2016-12-15T15:30:43+01:00","checksum":"76571055162"} _2librisxl |
||
| 887 |
_a{"@id":"7ckr6sxd0l9ct8r","modified":"2011-03-25T15:48:15+01:00","checksum":"68751176722"} _2librisxl |
||
| 887 |
_a{"@id":"jnv3qvwp3k7rh67","modified":"2016-10-17T13:56:52+02:00","checksum":"102256725213"} _2librisxl |
||
| 887 |
_a{"@id":"7ckxppdd3n5rkfd","modified":"2015-02-25T17:08:56+01:00","checksum":"141139398957"} _2librisxl |
||
| 887 |
_a{"@id":"15c51x86320jncv","modified":"2015-04-15T12:00:54+02:00","checksum":"79496909347"} _2librisxl |
||
| 887 |
_a{"@id":"z39h1l541m6n9mx","modified":"2015-09-17T10:35:31+02:00","checksum":"90428822157"} _2librisxl |
||
| 887 |
_a{"@id":"jnv2n59p3l68tll","modified":"2018-04-10T16:14:23+02:00","checksum":"82042742621"} _2librisxl |
||
| 887 |
_a{"@id":"bgnwvk7h0c81q26","modified":"2019-12-02T13:02:58.254+01:00","checksum":"65879913300"} _2librisxl |
||
| 887 |
_a{"@id":"z39vl7645d3nvsn","modified":"2020-01-28T12:33:21.719+01:00","checksum":"91018963322"} _2librisxl |
||
| 887 |
_a{"@id":"z39hl1741h40pjt","modified":"2015-08-28T13:52:40+02:00","checksum":"110055055118"} _2librisxl |
||
| 887 |
_a{"@id":"lqxfx3sr14008f3","modified":"2013-05-20T13:02:44+02:00","checksum":"83060204034"} _2librisxl |
||
| 887 |
_a{"@id":"w17fj7k24djc41r","modified":"2011-02-24T10:35:27+01:00","checksum":"119351002400"} _2librisxl |
||
| 887 |
_a{"@id":"26dlqtd70mq4ql1","modified":"2012-09-21T11:23:37+02:00","checksum":"167506947715"} _2librisxl |
||
| 887 |
_a{"@id":"pt1cgxpv2930r12","modified":"2014-12-09T08:06:59+01:00","checksum":"102349627094"} _2librisxl |
||
| 887 |
_a{"@id":"bgnvzc5h5shnxg6","modified":"2011-03-04T12:10:02+01:00","checksum":"59255785654"} _2librisxl |
||
| 887 |
_a{"@id":"qv2hdj8w5blsh1h","modified":"2012-09-07T15:11:02+02:00","checksum":"95705137328"} _2librisxl |
||
| 887 |
_a{"@id":"w17llf624xpmnk9","modified":"2012-03-15T13:00:29+01:00","checksum":"107052446684"} _2librisxl |
||
| 887 |
_a{"@id":"qv2lhcsw33flgsh","modified":"2013-09-11T08:32:59+02:00","checksum":"102372990134"} _2librisxl |
||
| 887 |
_a{"@id":"rw39qc6x2lfb24m","modified":"2016-10-31T15:04:31+01:00","checksum":"97741930406"} _2librisxl |
||
| 887 |
_a{"@id":"8dlswxvf10vgqbw","modified":"2012-02-17T14:23:40+01:00","checksum":"79179134611"} _2librisxl |
||
| 887 |
_a{"@id":"v06sgcf146sd4ts","modified":"2014-02-26T16:16:35+01:00","checksum":"98693145794"} _2librisxl |
||
| 887 |
_a{"@id":"lqx47n2r51ntl9g","modified":"2016-05-25T18:05:34+02:00","checksum":"96639761143"} _2librisxl |
||
| 887 |
_a{"@id":"7cks9gdd24xg055","modified":"2011-05-09T11:01:26+02:00","checksum":"77197964636"} _2librisxl |
||
| 887 |
_a{"@id":"26fcvkd719wh27b","modified":"2016-02-12T12:41:47+01:00","checksum":"77198923175"} _2librisxl |
||
| 887 |
_a{"@id":"ns0j8s9t0qv59g4","modified":"2013-08-28T16:03:18+02:00","checksum":"82809331759"} _2librisxl |
||
| 887 |
_a{"@id":"djqbqblk230gxrz","modified":"2019-05-08T09:54:50.479+02:00","checksum":"81955916954"} _2librisxl |
||
| 942 |
_2z _cBOOK |
||